Normal view MARC view
  • زقرد، أحمد السعيد

Entry Personal Name

Number of records used in: 1

001 - CONTROL NUMBER

  • control field: 40963

003 - CONTROL NUMBER IDENTIFIER

  • control field: OSt

005 - DATE AND TIME OF LATEST TRANSACTION

  • control field: 20160830110803.0

008 - FIXED-LENGTH DATA ELEMENTS

  • fixed length control field: 160830|| aca||aabn | a|a d

040 ## - CATALOGING SOURCE

  • Original cataloging agency: OSt

100 1# - HEADING--PERSONAL NAME

  • Personal name: زقرد، أحمد السعيد

400 1# - SEE FROM TRACING--PERSONAL NAME

  • Personal name: Ziqrid, Aḥmad al-Saʻīd‏

400 1# - SEE FROM TRACING--PERSONAL NAME

  • Personal name: Zuqrud, Aḥmad al-Saʻīd‏

400 1# - SEE FROM TRACING--PERSONAL NAME

  • Personal name: Zaqrad, Aḥmad al-Saʻīd

400 0# - SEE FROM TRACING--PERSONAL NAME

  • Personal name: أحمد السعيد الزقرد